Состав фракции масел продуктов неизотермического акватермолиза высокосернистого природного асфальтита; Известия Томского политехнического университета [Известия ТПУ]; Т. 319, № 3 : Химия

Detalles Bibliográficos
Parent link:Известия Томского политехнического университета [Известия ТПУ]/ Томский политехнический университет (ТПУ).— , 2000-
Т. 319, № 3 : Химия.— 2011.— [С. 125-129]
Autor Principal: Антипенко В. Р.
Summary:Заглавие с титульного листа
Электронная версия печатной публикации
Методом хроматомасс-спектрометрии получена информация о составе и относительном содержании алканов, алкенов, стеранов и прегнанов, гопанов и хейлантанов, моно-, би-, три- и тетрациклических ароматических углеводородов, би-, три- и тетрациклических серосодержащих ароматических соединений в маслах продуктов акватермолиза высокосернистого природного асфальтита в проточном реакторе в интервале температур 200…575 °С.
Idioma:ruso
Publicado: 2011
Series:Химия
Subjects:
Acceso en liña:http://www.lib.tpu.ru/fulltext/v/Bulletin_TPU/2011/v319/i3/28.pdf
Formato: Electrónico Capítulo de libro
KOHA link:https://koha.lib.tpu.ru/cgi-bin/koha/opac-detail.pl?biblionumber=204132

MARC

LEADER 00000nla2a2200000 4500
001 204132
005 20231031190016.0
035 |a (RuTPU)RU\TPU\book\222476 
035 |a RU\TPU\book\222475 
090 |a 204132 
100 |a 20111118d2011 k y0rusy50 ca 
101 0 |a rus 
102 |a RU 
135 |a drnn ---uucaa 
181 0 |a i  
182 0 |a b 
200 1 |a Состав фракции масел продуктов неизотермического акватермолиза высокосернистого природного асфальтита  |b Электронный ресурс  |f В. Р. Антипенко 
203 |a Текст  |c электронный 
215 |a 1 файл (84 Кб) 
225 1 |a Химия 
230 |a Электронные текстовые данные (1 файл : 84 Кб) 
300 |a Заглавие с титульного листа 
300 |a Электронная версия печатной публикации 
320 |a [Библиогр.: с. 129 (8 назв.)] 
330 |a Методом хроматомасс-спектрометрии получена информация о составе и относительном содержании алканов, алкенов, стеранов и прегнанов, гопанов и хейлантанов, моно-, би-, три- и тетрациклических ароматических углеводородов, би-, три- и тетрациклических серосодержащих ароматических соединений в маслах продуктов акватермолиза высокосернистого природного асфальтита в проточном реакторе в интервале температур 200…575 °С. 
337 |a Adobe Reader 
461 1 |0 (RuTPU)RU\TPU\book\176237  |t Известия Томского политехнического университета [Известия ТПУ]  |f Томский политехнический университет (ТПУ)  |d 2000- 
463 1 |0 (RuTPU)RU\TPU\book\222246  |x 1684-8519  |t Т. 319, № 3 : Химия  |v [С. 125-129]  |d 2011  |p 194 с. 
610 1 |a природный асфальтит 
610 1 |a неизотермический акватермолиз 
610 1 |a проточный режим 
610 1 |a жидкие продукты 
610 1 |a масла 
610 1 |a состав 
610 1 |a хроматомасс-спектрометрия 
610 1 |a серосодержащие ароматические соединения 
610 1 |a электронный ресурс 
700 1 |a Антипенко  |b В. Р. 
801 1 |a RU  |b 63413507  |c 20090623  |g PSBO 
801 2 |a RU  |b 63413507  |c 20211229  |g PSBO 
856 4 |u http://www.lib.tpu.ru/fulltext/v/Bulletin_TPU/2011/v319/i3/28.pdf 
942 |c CF